[Event "France Jeunes Belfort 2017"]
[Site "Belfort"]
[Date "2017.04.16"]
[Round "2.1"]
[White "Yousfi, Adem"]
[Black "Mathieu, Phileas"]
[Result "1/2-1/2"]
[WhiteElo "1632"]
[BlackElo "2030"]
[PlyCount "161"]
[EventDate "2017.??.??"]
[TimeControl "6000+1765"]
[WhiteClock "0:01:16"]
[BlackClock "0:01:47"]

1. e4 e6 2. d4 d5 3. Nd2 Nf6 4. e5 Nfd7 5. Bd3 c5 6. c3 Nc6 7. Ne2 cxd4 8. cxd4
f6 9. exf6 Nxf6 10. Nf3 Bd6 11. O-O O-O 12. Bg5 Qc7 13. Bh4 Bd7 14. Bg3 Be8 15.
Bxd6 Qxd6 16. Ng3 Qf4 17. Re1 Bf7 18. Qc1 Qd6 19. Qd2 Rae8 20. Ne5 Nxd4 21.
Bxh7+ Kxh7 22. Qxd4 Nd7 23. Rad1 Nxe5 24. Rxe5 b6 25. Ne4 Qc6 26. Ng5+ Kg8 27.
Qd3 g6 28. Qh3 Kg7 29. Qh7+ Kf6 30. Rde1 Bg8 31. Qh8+ Ke7 32. Qg7+ Kd8 33. Qxg6
Qc5 34. Nf3 Bf7 35. Qg5+ Kd7 36. Qe3 Qd6 37. Nd4 a6 38. Rc1 Rc8 39. Re1 Rfe8
40. Qf3 Bg8 41. Qh5 Qf8 42. Qe2 Qf6 43. Qxa6 Qxe5 44. Qb5+ Kd8 45. Rxe5 Rc1+
46. Qf1 Rxf1+ 47. Kxf1 Kd7 48. h4 Kd6 49. f4 Rc8 50. Re1 Rc4 51. Rd1 Bf7 52. g4
e5 53. fxe5+ Kxe5 54. Nf3+ Kf4 55. Ng5 Bg8 56. b3 Rb4 57. a3 Rxb3 58. Rd4+ Ke3
59. Rd1 d4 60. Re1+ Kd2 61. Ne4+ Kd3 62. Nf2+ Kc3 63. Rc1+ Kd2 64. Rd1+ Ke3 65.
Re1+ Kf3 66. Ne4 Bc4+ 67. Kg1 Rb2 68. h5 Rg2+ 69. Kh1 Ra2 70. h6 Rxa3 71. Nd2+
Kxg4 72. Nxc4 Rh3+ 73. Kg1 Rxh6 74. Re4+ Kf3 75. Rxd4 Rg6+ 76. Kh2 Rg5 77. Nxb6
Rh5+ 78. Kg1 Rg5+ 79. Kf1 Rb5 80. Rd3+ Ke4 81. Rd6 1/2-1/2

[Event "France Jeunes Belfort 2017"]
[Site "Belfort"]
[Date "2017.04.16"]
[Round "2.1"]
[White "Zachary, Matheo"]
[Black "Cheikh-Boukal, Ziyad"]
[Result "1-0"]
[WhiteElo "2267"]
[BlackElo "1848"]
[PlyCount "69"]
[EventDate "2017.??.??"]
[TimeControl "6000+1170"]
[WhiteClock "0:02:48"]
[BlackClock "0:00:39"]

1. e4 c5 2. Nf3 e6 3. d4 cxd4 4. Nxd4 Nf6 5. Nc3 Nc6 6. Nb3 Bb4 7. Bd3 d5 8.
exd5 Nxd5 9. Bd2 Nxc3 10. bxc3 Bd6 11. Nd4 Ne5 12. Be2 a6 13. O-O O-O 14. Re1
Qc7 15. g3 b6 16. Rb1 Bb7 17. Be3 Rfd8 18. Rf1 b5 19. Qc1 Qxc3 20. Rb3 Qc7 21.
Qa1 Bd5 22. Rc3 Qa5 23. Nb3 Qa4 24. Bd4 Bxb3 25. Rxb3 f6 26. Rd1 Nc6 27. Bb6
Rd7 28. Bf3 Rc8 29. Rbd3 Be5 30. c3 Rxd3 31. Rxd3 Qc4 32. Qd1 Qxa2 33. Bxc6
Rxc6 34. Rd8+ Kf7 35. Qh5+ 1-0

[Event "France Jeunes Belfort 2017"]
[Site "Belfort"]
[Date "2017.04.16"]
[Round "2.2"]
[White "Afraoui, Anaelle"]
[Black "Beda, Salome"]
[Result "1-0"]
[WhiteElo "1977"]
[BlackElo "1731"]
[PlyCount "51"]
[EventDate "2017.??.??"]
[TimeControl "6000+1165"]
[WhiteClock "0:20:54"]
[BlackClock "0:11:10"]

1. e4 c5 2. Nf3 Nc6 3. Nc3 g6 4. d4 cxd4 5. Nxd4 Bg7 6. Be3 Nf6 7. f3 Qb6 8.
Nf5 Qxb2 9. Nxg7+ Kf8 10. Na4 Qa3 11. c3 b6 12. Bc1 Qd6 13. Qxd6 exd6 14. Bh6
Ke7 15. Rd1 Rd8 16. g4 Ne5 17. Be2 Ng8 18. g5 Nxh6 19. gxh6 f6 20. h4 Nf7 21.
h5 Rh8 22. Rg1 Nxh6 23. hxg6 hxg6 24. Rxg6 Kf7 25. Rg1 Rg8 26. Bc4+ 1-0

[Event "France Jeunes Belfort 2017"]
[Site "Belfort"]
[Date "2017.04.16"]
[Round "2.2"]
[White "Bureau-Leroyer, Lola"]
[Black "Parlas, Helin"]
[Result "1-0"]
[WhiteElo "1635"]
[BlackElo "1606"]
[PlyCount "75"]
[EventDate "2017.??.??"]
[TimeControl "6000+825"]
[WhiteClock "0:07:59"]
[BlackClock "0:09:00"]

1. Nf3 c5 2. c4 g6 3. e3 Bg7 4. g3 Nf6 5. Bg2 O-O 6. O-O d6 7. d3 Nc6 8. Qe2
Rb8 9. b3 Bf5 10. Bb2 a6 11. Nc3 Qd7 12. Rfd1 b5 13. d4 cxd4 14. cxb5 d3 15.
Qe1 Nb4 16. Nd4 Nc2 17. Nxc2 dxc2 18. Rdc1 Bd3 19. bxa6 Ne4 20. Bf1 Ng5 21. Bg2
Ne4 22. Na4 e5 23. Nc3 d5 24. f3 Nxc3 25. Qxc3 Bxa6 26. Rxc2 Rfc8 27. Qd2 Rxc2
28. Qxc2 d4 29. exd4 exd4 30. Bf1 d3 31. Qd2 Bxb2 32. Qxb2 Rc8 33. Rc1 Rxc1 34.
Qxc1 d2 35. Qd1 Qd4+ 36. Kg2 Qe3 37. Bxa6 Qe1 38. Be2 1-0

[Event "France Jeunes Belfort 2017"]
[Site "Belfort"]
[Date "2017.04.16"]
[Round "2.2"]
[White "Kern, Nicolas"]
[Black "Tahay, Alexis"]
[Result "0-1"]
[WhiteElo "2085"]
[BlackElo "2239"]
[PlyCount "126"]
[EventDate "2017.??.??"]
[TimeControl "6000+810"]
[WhiteClock "0:00:32"]
[BlackClock "0:10:10"]

1. d4 Nf6 2. c4 c5 3. d5 b5 4. Nf3 bxc4 5. Nc3 d6 6. e4 Nbd7 7. Bxc4 g6 8. O-O
Bg7 9. Re1 O-O 10. Bg5 h6 11. Bd2 Ng4 12. Qc1 Kh7 13. Nd1 Qb6 14. Bc3 Rb8 15.
Bxg7 Kxg7 16. Qc3+ f6 17. Nd2 Nge5 18. Re3 Qb4 19. Be2 g5 20. Rg3 Qxc3 21. Rxc3
Rb4 22. f3 Nb6 23. a3 Ra4 24. Ne3 f5 25. Nec4 Nexc4 26. Nxc4 Nxc4 27. Bxc4 f4
28. e5 dxe5 29. Bb5 Rd4 30. Rxc5 Rd8 31. Bc6 g4 32. Re1 Kf6 33. Kf2 gxf3 34.
gxf3 Rg8 35. Bb5 Bh3 36. Bf1 Bxf1 37. Kxf1 Rd8 38. Ra5 R4xd5 39. Rxa7 Rd3 40.
Kf2 Rb3 41. Re2 Rdd3 42. Ra6+ e6 43. Ra7 Rxf3+ 44. Kg2 Rfd3 45. Rf2 Rd8 46. a4
Rg8+ 47. Kf1 Rgb8 48. a5 Rxb2 49. a6 Rxf2+ 50. Kxf2 Rb3 51. Ra8 Ra3 52. a7 Kg7
53. h4 e4 54. Ke2 Ra2+ 55. Kf1 e3 56. Re8 Rxa7 57. Rxe6 Ra4 58. Ke2 Kf7 59. Rd6
Ra2+ 60. Kf3 Rf2+ 61. Kg4 e2 62. Rd7+ Ke8 63. Ra7 e1=Q 0-1

[Event "France Jeunes Belfort 2017"]
[Site "Belfort"]
[Date "2017.04.16"]
[Round "2.2"]
[White "Meric, Geoffrey"]
[Black "Cohen Revivo, Shoham"]
[Result "0-1"]
[WhiteElo "1862"]
[BlackElo "2221"]
[PlyCount "72"]
[EventDate "2017.??.??"]
[TimeControl "6000+27075"]
[WhiteClock "0:01:00"]
[BlackClock "0:47:43"]

1. e4 e6 2. d4 d5 3. Nc3 Nf6 4. e5 Nfd7 5. f4 c5 6. Nf3 Nc6 7. Be3 a6 8. Qd2 b5
9. Be2 Qb6 10. Nd1 cxd4 11. Nxd4 Bc5 12. c3 O-O 13. O-O Bb7 14. b4 Bxd4 15.
cxd4 a5 16. Nc3 axb4 17. Nxb5 Ba6 18. Nd6 f5 19. Bxa6 Rxa6 20. Rfb1 Rfa8 21.
Rb3 Ra4 22. Kh1 Qa6 23. Rb2 Ra3 24. Bf2 b3 25. h3 Rxa2 26. Rbxa2 bxa2 27. Qb2
Nb6 28. Kh2 Nc4 29. Nxc4 Qxc4 30. Qb7 Ra7 31. Qb2 Kf7 32. Be3 Nb4 33. Bd2 Nc2
34. Qb8 Re7 35. Qh8 Nxa1 36. Qxh7 Nc2 0-1

[Event "France Jeunes Belfort 2017"]
[Site "Belfort"]
[Date "2017.04.16"]
[Round "2.2"]
[White "Nguyen, Thao Nhi"]
[Black "Atli, Celine"]
[Result "1-0"]
[WhiteElo "1691"]
[BlackElo "1271"]
[PlyCount "111"]
[EventDate "2017.??.??"]
[TimeControl "6000+830"]
[WhiteClock "0:27:45"]
[BlackClock "0:09:26"]

1. e4 c5 2. Nc3 e6 3. f4 d5 4. Bb5+ Nc6 5. Bxc6+ bxc6 6. Nf3 Ba6 7. d3 dxe4 8.
Nxe4 f5 9. Nc3 Nf6 10. O-O Bd6 11. Ng5 Bc8 12. Re1 O-O 13. Nxe6 Bxe6 14. Rxe6
Re8 15. Rxe8+ Qxe8 16. Bd2 Qf7 17. Qf3 Rc8 18. Re1 Nd5 19. a3 Nxc3 20. Bxc3 Qc7
21. Be5 Qd7 22. Re3 Re8 23. Bxd6 Rxe3 24. Qxe3 Qxd6 25. Qe8+ Qf8 26. Qxc6 Qe7
27. Qd5+ Kf8 28. Qxf5+ Kg8 29. Qe4 Qf8 30. g3 h6 31. Qe5 Qc8 32. Qd5+ Kh7 33.
Kg2 Qc7 34. Qe5 Qa5 35. Qe3 Kh8 36. Kf3 Qc7 37. Qe8+ Kh7 38. Qe5 Qb6 39. Qe4+
Kh8 40. Qe5 Qc6+ 41. Qe4 Qb6 42. Qe8+ Kh7 43. Qe5 Kh8 44. Ke2 a5 45. Kd2 c4 46.
dxc4 Qf2+ 47. Kd3 Qf3+ 48. Qe3 Qd1+ 49. Kc3 Qd6 50. c5 Qc6 51. Kc4 Qa6+ 52. Kd4
Qb5 53. Qb3 Qd7+ 54. Qd5 Qa4+ 55. Kc3 Qb5 56. Qd8+ 1-0

[Event "France Jeunes Belfort 2017"]
[Site "Belfort"]
[Date "2017.04.16"]
[Round "2.2"]
[White "Philippe, Guillaume"]
[Black "Karapetian, Rouben"]
[Result "1-0"]
[WhiteElo "2307"]
[BlackElo "1968"]
[PlyCount "83"]
[EventDate "2017.??.??"]
[TimeControl "6000+810"]
[WhiteClock "0:18:25"]
[BlackClock "0:00:40"]

1. Nf3 Nf6 2. e3 d5 3. c4 e6 4. b3 Be7 5. Bb2 Nbd7 6. Nc3 c6 7. d4 O-O 8. Bd3
Bd6 9. O-O dxc4 10. bxc4 e5 11. Qc2 Re8 12. Rad1 Qe7 13. Ng5 Nf8 14. Nge4 exd4
15. Nxd6 Qxd6 16. exd4 Ng4 17. g3 Qh6 18. h4 Ng6 19. Rfe1 Bd7 20. Bc1 Qh5 21.
f3 Nf6 22. Qf2 Bf5 23. Bf1 Bd7 24. Bg5 h6 25. Bxf6 gxf6 26. Ne4 Kg7 27. Nd6
Rxe1 28. Rxe1 b6 29. f4 Qg4 30. Kh2 c5 31. f5 Nf8 32. dxc5 bxc5 33. Qxc5 Rb8
34. Qd5 Rb2+ 35. Bg2 Ne6 36. fxe6 Bxe6 37. Ne8+ Kh8 38. Qa8 Qh3+ 39. Kg1 Qxg3
40. Nxf6+ Rb8 41. Qe4 Kg7 42. Nh5+ 1-0

[Event "France Jeunes Belfort 2017"]
[Site "Belfort"]
[Date "2017.04.16"]
[Round "2.2"]
[White "Popov, Konstantin"]
[Black "Trabet, Mathis"]
[Result "1-0"]
[WhiteElo "2026"]
[BlackElo "1675"]
[PlyCount "49"]
[EventDate "2017.??.??"]
[TimeControl "6000+850"]
[WhiteClock "0:47:56"]
[BlackClock "0:31:55"]

1. e4 c5 2. Nf3 e6 3. d4 cxd4 4. Nxd4 Nc6 5. Be3 Qc7 6. Nc3 a6 7. Be2 Nf6 8.
O-O Bb4 9. f3 O-O 10. Nb3 h6 11. a3 Bxc3 12. bxc3 d5 13. Bd3 Rd8 14. Qe1 dxe4
15. Bxe4 Nxe4 16. fxe4 e5 17. Qg3 Kh8 18. Rf2 f6 19. Qg6 Ne7 20. Qf7 Rg8 21.
Bc5 b6 22. Qxe7 Qc6 23. Qd6 Qxd6 24. Bxd6 Rd8 25. Bc7 1-0

[Event "France Jeunes Belfort 2017"]
[Site "Belfort"]
[Date "2017.04.16"]
[Round "2.2"]
[White "Rollot, Florence"]
[Black "Goeau, Aurelice"]
[Result "1-0"]
[WhiteElo "1973"]
[BlackElo "1600"]
[PlyCount "67"]
[EventDate "2017.??.??"]
[TimeControl "6000+1160"]
[WhiteClock "0:26:04"]
[BlackClock "0:04:55"]

1. Nf3 Nf6 2. c4 g6 3. g3 Bg7 4. Bg2 O-O 5. Nc3 d6 6. O-O Nbd7 7. Rb1 e5 8. b4
c6 9. d3 Qe7 10. Nd2 Nb6 11. a4 a5 12. bxa5 Rxa5 13. Rxb6 Qc7 14. Rb1 Be6 15.
Qb3 Ra7 16. Qb6 Qxb6 17. Rxb6 Nd7 18. Rb4 Rb8 19. Nde4 Bf8 20. Be3 Raa8 21. Ng5
d5 22. Rbb1 d4 23. Nxe6 fxe6 24. Ne4 dxe3 25. fxe3 Rxa4 26. Bh3 Re8 27. Rxb7
Re7 28. Rxd7 Rxd7 29. Bxe6+ Kg7 30. Bxd7 Ra6 31. Ng5 Bb4 32. Rf7+ Kg8 33. Be6
Kh8 34. Rxh7# 1-0

[Event "France Jeunes Belfort 2017"]
[Site "Belfort"]
[Date "2017.04.16"]
[Round "2.2"]
[White "Travadon, Loic"]
[Black "Mostefa Kara, Camil"]
[Result "1-0"]
[WhiteElo "2348"]
[BlackElo "1922"]
[PlyCount "81"]
[EventDate "2017.??.??"]
[TimeControl "6000+935"]
[WhiteClock "0:20:41"]
[BlackClock "0:06:25"]

1. d4 Nf6 2. c4 e6 3. Nf3 d5 4. Nc3 Bb4 5. cxd5 exd5 6. Bg5 Be7 7. Qc2 O-O 8.
e3 h6 9. Bh4 c6 10. Bd3 Be6 11. O-O Nbd7 12. Rab1 c5 13. Qe2 a6 14. Bc2 b5 15.
dxc5 Nxc5 16. Rbd1 b4 17. Na4 Nxa4 18. Bxa4 Qa5 19. Bb3 Rac8 20. Nd4 Bd7 21.
Rc1 Rfe8 22. f3 Qb6 23. Rxc8 Rxc8 24. Qd3 Qb7 25. Re1 Rd8 26. Nf5 Bxf5 27. Qxf5
Qc6 28. Qd3 a5 29. Bg3 a4 30. Bc2 Bc5 31. Be5 g6 32. Bxa4 Qxa4 33. Bxf6 Rd7 34.
Rc1 Qa5 35. Bd4 Be7 36. Rc6 Rd6 37. Rc8+ Bd8 38. h3 Qxa2 39. Bc5 Rd7 40. Bb6
Qa1+ 41. Kh2 1-0

[Event "France Jeunes Belfort 2017"]
[Site "Belfort"]
[Date "2017.04.16"]
[Round "2.2"]
[White "Yuan, Beline"]
[Black "Diez, Ambre"]
[Result "1-0"]
[WhiteElo "1845"]
[BlackElo "1420"]
[PlyCount "73"]
[EventDate "2017.??.??"]
[TimeControl "6000+830"]
[WhiteClock "0:28:49"]
[BlackClock "0:21:26"]

1. d4 Nf6 2. c4 c5 3. d5 b5 4. e3 bxc4 5. Bxc4 d6 6. Nc3 g6 7. e4 Bg7 8. f4
Nfd7 9. Nf3 Qa5 10. Bd2 Qb4 11. Qe2 Qb6 12. O-O Ba6 13. Bxa6 Nxa6 14. e5 dxe5
15. fxe5 O-O 16. Rac1 Nc7 17. Na4 Qb5 18. Qxb5 Nxb5 19. e6 Nb6 20. Nxc5 Bxb2
21. Rb1 Bd4+ 22. Nxd4 Nxd4 23. Bh6 fxe6 24. Rxf8+ Rxf8 25. Bxf8 Kxf8 26. Nxe6+
Nxe6 27. dxe6 Kg7 28. Rf1 Nd5 29. Rf7+ Kg8 30. Kf2 h6 31. a3 g5 32. g3 a6 33.
Kf3 Nf6 34. Rxe7 g4+ 35. Ke2 h5 36. Ra7 Kf8 37. Rf7+ 1-0

[Event "France Jeunes Belfort 2017"]
[Site "Belfort"]
[Date "2017.04.16"]
[Round "2.3"]
[White "Bailly, Laura"]
[Black "Marcellier, Lucie"]
[Result "0-1"]
[WhiteElo "1200"]
[BlackElo "1557"]
[PlyCount "78"]
[EventDate "2017.??.??"]
[TimeControl "6000+670"]
[WhiteClock "0:32:18"]
[BlackClock "0:22:32"]

1. e4 e5 2. Nf3 Nc6 3. Bc4 Nf6 4. Ng5 d5 5. exd5 Na5 6. d3 h6 7. Nh3 Bd6 8. Nc3
a6 9. a3 b5 10. Ba2 O-O 11. Qf3 Bg4 12. Qg3 e4 13. Qe3 exd3 14. Qxd3 Re8+ 15.
Be3 Nb7 16. O-O Bxh3 17. gxh3 Qd7 18. Bd2 Nc5 19. Qf3 Re5 20. Kh1 Rh5 21. Kg2
g5 22. Rh1 Kg7 23. Ne2 g4 24. hxg4 Nxg4 25. h3 Nf6 26. Bc3 Rf5 27. Qe3 Re8 28.
Qd2 Nce4 29. Qd3 Rxf2+ 30. Kg1 Qf5 31. Bxf6+ Qxf6 32. Qd4 Rxe2 33. Qxf6+ Nxf6
34. Kf1 Rxc2 35. Rg1+ Kf8 36. Rb1 Ree2 37. Bb3 Rxb2 38. Rd1 Rf2+ 39. Ke1 Rbe2#
0-1

[Event "France Jeunes Belfort 2017"]
[Site "Belfort"]
[Date "2017.04.16"]
[Round "2.3"]
[White "Denninger, Guilhem"]
[Black "Laurent-Paoli, Pierre"]
[Result "0-1"]
[WhiteElo "1929"]
[BlackElo "2298"]
[PlyCount "68"]
[EventDate "2017.??.??"]
[TimeControl "6000+1350"]
[WhiteClock "0:00:58"]
[BlackClock "0:09:39"]

1. c4 e5 2. Nc3 d6 3. g3 f5 4. d3 Nf6 5. Bg2 Be7 6. e3 c6 7. Nge2 O-O 8. f4 Be6
9. O-O Na6 10. Rb1 Qe8 11. b4 Nc7 12. b5 Bd7 13. Ba3 Kh8 14. fxe5 dxe5 15. Bxe7
Qxe7 16. bxc6 Bxc6 17. Bxc6 bxc6 18. Rxf5 Ng4 19. Rxf8+ Rxf8 20. Ne4 Ne6 21.
N2c3 Nxe3 22. Qe2 Nf5 23. Nf2 Nfd4 24. Qe3 Qf7 25. Nce4 h6 26. h3 Qg6 27. Kh1
Nf5 28. Qf3 Nxg3+ 29. Qxg3 Qxg3 30. Nxg3 Rxf2 31. Re1 Rxa2 32. Rxe5 Nd4 33. Nh5
Nf3 34. Re8+ Kh7 0-1

[Event "France Jeunes Belfort 2017"]
[Site "Belfort"]
[Date "2017.04.16"]
[Round "2.3"]
[White "Ducos, Antoine"]
[Black "Papadiamandis, Elliot"]
[Result "1/2-1/2"]
[WhiteElo "1615"]
[BlackElo "1944"]
[PlyCount "165"]
[EventDate "2017.??.??"]
[TimeControl "6000+1325"]
[WhiteClock "0:27:51"]
[BlackClock "0:27:49"]

1. e4 c5 2. Nf3 d6 3. d4 cxd4 4. Nxd4 Nf6 5. Nc3 a6 6. Be3 e6 7. f3 b5 8. Qd2
Bb7 9. O-O-O Nbd7 10. g4 Nb6 11. Nb3 Nfd7 12. Na5 Rb8 13. Nxb7 Rxb7 14. Bf4 Nc5
15. Bxd6 Rd7 16. e5 Nb7 17. Ne4 Nc8 18. Qf4 Ncxd6 19. exd6 Bxd6 20. Nxd6+ Rxd6
21. Rxd6 Qxd6 22. Qxd6 Nxd6 23. Bd3 h6 24. Rd1 Ke7 25. a4 Rc8 26. axb5 axb5 27.
Kd2 Ra8 28. Kc3 Ra4 29. Kb3 Rf4 30. Be2 Nc4 31. Kc3 b4+ 32. Kb3 Ne5 33. Rf1 Kf6
34. h4 g6 35. c3 bxc3 36. Kxc3 h5 37. Rg1 Nxf3 38. g5+ Ke5 39. Bxf3 Rxf3+ 40.
Kd2 Rh3 41. Rf1 Rxh4 42. Rxf7 Rg4 43. b4 Rxb4 44. Rf6 Rg4 45. Rxg6 Kf5 46. Rf6+
Ke5 47. Rg6 Kf5 48. Rf6+ Kxg5 49. Rxe6 Kf5 50. Rh6 Kg5 51. Rh8 Re4 52. Kd3 Re1
53. Kd2 Re6 54. Rg8+ Kf4 55. Rh8 Kg4 56. Rg8+ Kh3 57. Rg5 h4 58. Rg8 Kh2 59.
Rg4 h3 60. Rg8 Kh1 61. Rg3 h2 62. Rg8 Re4 63. Rg3 Re6 64. Rg5 Ra6 65. Ke2 Ra1
66. Kf2 Rg1 67. Rh5 Rg7 68. Rh8 Rf7+ 69. Ke2 Kg2 70. Rg8+ Kh3 71. Rh8+ Kg3 72.
Rg8+ Kh3 73. Rh8+ Kg2 74. Rg8+ Kh1 75. Rg6 Ra7 76. Kf2 Ra1 77. Rg5 Rg1 78. Rh5
Rg8 79. Rf5 Rg4 80. Rf3 Rg2+ 81. Kf1 Ra2 82. Rf5 Ra1+ 83. Kf2 1/2-1/2

[Event "France Jeunes Belfort 2017"]
[Site "Belfort"]
[Date "2017.04.16"]
[Round "2.3"]
[White "Dudognon, Thibault"]
[Black "Dillenschneider, Ernesto"]
[Result "1/2-1/2"]
[WhiteElo "2218"]
[BlackElo "2037"]
[PlyCount "47"]
[EventDate "2017.??.??"]
[TimeControl "6000+1155"]
[WhiteClock "0:30:34"]
[BlackClock "0:31:04"]

1. c4 c5 2. g3 g6 3. Bg2 Bg7 4. Nc3 Nc6 5. Nf3 d6 6. a3 a5 7. O-O e5 8. d3 Nge7
9. Ne1 Be6 10. Nc2 d5 11. cxd5 Nxd5 12. Ne3 Nde7 13. Nc4 b6 14. f4 Rc8 15. Nb5
O-O 16. Ncd6 Rb8 17. Kh1 Nd4 18. Nxd4 exd4 19. Ne4 Nf5 20. Qe1 Bd5 21. Rb1 Ba2
22. Ra1 Bd5 23. Rb1 Ba2 24. Ra1 1/2-1/2

[Event "France Jeunes Belfort 2017"]
[Site "Belfort"]
[Date "2017.04.16"]
[Round "2.3"]
[White "Harutyunyan, Ruben"]
[Black "Saya, Ethan"]
[Result "1-0"]
[WhiteElo "2218"]
[BlackElo "1840"]
[PlyCount "39"]
[EventDate "2017.??.??"]
[TimeControl "6000+1490"]
[WhiteClock "0:48:31"]
[BlackClock "0:28:11"]

1. e4 d5 2. exd5 Qxd5 3. Nc3 Qa5 4. d4 Nf6 5. Bc4 Nc6 6. Nge2 Bf5 7. Bd2 Qb4 8.
b3 e5 9. Nb5 Qe7 10. d5 Nb4 11. d6 Nxc2+ 12. Qxc2 Qd7 13. Nxc7+ Kd8 14. Qb2 Rc8
15. Nb5 a6 16. Ba5+ Ke8 17. Qxe5+ Be6 18. Nc7+ Rxc7 19. Bxc7 Ng4 20. Bxe6 1-0

[Event "France Jeunes Belfort 2017"]
[Site "Belfort"]
[Date "2017.04.16"]
[Round "2.3"]
[White "Ider, Jargalan"]
[Black "Bellahcene, Meriem"]
[Result "0-1"]
[WhiteElo "1559"]
[BlackElo "1919"]
[PlyCount "156"]
[EventDate "2017.??.??"]
[TimeControl "6000+2215"]
[WhiteClock "0:10:03"]
[BlackClock "0:08:46"]

1. d4 d5 2. c4 e6 3. g3 c6 4. Bg2 Nf6 5. Nf3 Nbd7 6. Nc3 Be7 7. O-O O-O 8. Qc2
b6 9. cxd5 exd5 10. e4 dxe4 11. Nxe4 Bb7 12. Ne5 Nxe5 13. dxe5 Nd5 14. b3 Nb4
15. Qc3 Ba6 16. Re1 Qd3 17. Ba3 Qxc3 18. Nxc3 Rac8 19. Rad1 Rfe8 20. Bxb4 Bxb4
21. Re3 h6 22. Bf1 Bxf1 23. Kxf1 Rcd8 24. Rxd8 Rxd8 25. Ke2 Bc5 26. Rf3 Re8 27.
Rd3 Rxe5+ 28. Kf1 g5 29. Rd7 a5 30. Rc7 Re6 31. Na4 Bd4 32. Rd7 c5 33. Rb7 Rf6
34. h3 Rxf2+ 35. Ke1 Rxa2 36. Nxb6 Bf2+ 37. Kf1 Bxg3 38. Nc4 a4 39. bxa4 Rxa4
40. Nd2 Bf4 41. Nb3 c4 42. Nc5 Ra2 43. Ne4 Ra3 44. Nf6+ Kg7 45. Nh5+ Kg6 46.
Nxf4+ gxf4 47. Kg2 Rg3+ 48. Kh2 c3 49. Rc7 h5 50. h4 Rd3 51. Rc4 Kf5 52. Kg2
Kg4 53. Kf2 f5 54. Ke2 Rh3 55. Kf2 Rh2+ 56. Ke1 c2 57. Rc3 Rh1+ 58. Kd2 c1=Q+
59. Rxc1 Rxc1 60. Kxc1 Kxh4 61. Kd2 Kg3 62. Kd3 f3 63. Ke3 f4+ 64. Kd3 f2 65.
Kc3 f1=R 66. Kd3 h4 67. Kc3 h3 68. Kd3 h2 69. Kc3 h1=R 70. Kd3 Re1 71. Kd2 f3
72. Kc3 f2 73. Kd3 f1=R 74. Kc3 Rf4 75. Kd3 Ree4 76. Kc3 Rf3+ 77. Kd2 Ra4 78.
Kc2 Ra2# 0-1

[Event "France Jeunes Belfort 2017"]
[Site "Belfort"]
[Date "2017.04.16"]
[Round "2.3"]
[White "Martignoni, Margaux"]
[Black "Gospodaru, Teodora"]
[Result "0-1"]
[WhiteElo "1439"]
[BlackElo "1827"]
[PlyCount "104"]
[EventDate "2017.??.??"]
[TimeControl "6000+795"]
[WhiteClock "0:12:14"]
[BlackClock "0:21:31"]

1. e4 c5 2. Nc3 Nc6 3. Bc4 g6 4. f4 Bg7 5. Nf3 e6 6. d3 Nge7 7. O-O O-O 8. a3
d5 9. Ba2 Nd4 10. Kh1 b6 11. Nxd4 cxd4 12. Ne2 dxe4 13. dxe4 Bb7 14. Ng3 Qd7
15. Qg4 f5 16. exf5 Nxf5 17. Nxf5 Rxf5 18. Bd2 Bd5 19. Bxd5 Qxd5 20. Rf3 Raf8
21. Raf1 Qc4 22. Rc1 a5 23. h3 Qe2 24. Be1 e5 25. Bg3 e4 26. Rf2 Qxg4 27. hxg4
R5f7 28. Re2 e3 29. b4 Rc8 30. c3 Rxc3 31. Rxc3 dxc3 32. Rxe3 c2 33. Re1 Bb2
34. bxa5 bxa5 35. a4 c1=Q 36. Rxc1 Bxc1 37. Kg1 Bxf4 38. Bf2 Bh2+ 39. Kxh2 Rxf2
40. Kg3 Ra2 41. Kf3 Rxa4 42. g3 Kf7 43. g5 Rb4 44. Ke2 a4 45. Kd2 a3 46. Kc3
Rb8 47. Kc2 a2 48. Kd2 a1=Q 49. Kc2 Qd4 50. Kc1 Rc8+ 51. Kb1 Qb6+ 52. Ka2 Ra8#
0-1

[Event "France Jeunes Belfort 2017"]
[Site "Belfort"]
[Date "2017.04.16"]
[Round "2.3"]
[White "Mata, Maria"]
[Black "Retailleau, Elise"]
[Result "0-1"]
[WhiteElo "1717"]
[BlackElo "1946"]
[PlyCount "64"]
[EventDate "2017.??.??"]
[TimeControl "6000+1060"]
[WhiteClock "0:00:58"]
[BlackClock "0:05:23"]

1. e4 c5 2. Nc3 Nc6 3. f4 g6 4. Nf3 Bg7 5. a3 e6 6. b4 b6 7. g3 Nge7 8. Rb1 O-O
9. Bg2 d6 10. e5 Rb8 11. bxc5 dxe5 12. Nxe5 Nxe5 13. fxe5 Bxe5 14. Ne4 f5 15.
Nd6 Ba6 16. d4 Bg7 17. Bf4 Nd5 18. Bxd5 exd5 19. c6 g5 20. Be5 Qe7 21. Nb5 Bxe5
22. dxe5 Qxe5+ 23. Qe2 Qf6 24. O-O Qxc6 25. Qd3 Qc5+ 26. Kg2 d4 27. a4 Bb7+ 28.
Kf2 Be4 29. Qxd4 Qxc2+ 30. Ke3 Rbe8 31. Nd6 Bd3+ 32. Nxe8 Qe2# 0-1

[Event "France Jeunes Belfort 2017"]
[Site "Belfort"]
[Date "2017.04.16"]
[Round "2.3"]
[White "Viel, Simon"]
[Black "Tenev, Preslav"]
[Result "1-0"]
[WhiteElo "2220"]
[BlackElo "1907"]
[PlyCount "87"]
[EventDate "2017.??.??"]
[TimeControl "6000+900"]
[WhiteClock "0:03:22"]
[BlackClock "0:00:55"]

1. e4 e5 2. Nf3 Nc6 3. Bc4 Nf6 4. d4 exd4 5. e5 d5 6. Bb5 Ne4 7. Nxd4 Bc5 8.
Be3 O-O 9. Bxc6 bxc6 10. O-O Bxd4 11. Qxd4 c5 12. Qd3 Bf5 13. Bxc5 Re8 14. f4
Qd7 15. Ba3 Qc6 16. h3 Qg6 17. Kh2 h5 18. Nc3 h4 19. Nxd5 Ng3 20. Qc4 Nxf1+ 21.
Qxf1 Qg3+ 22. Kh1 Be4 23. Nxc7 Rec8 24. Bd6 Qxh3+ 25. Kg1 Qg4 26. Re1 Bb7 27.
Qe2 Qg6 28. e6 Kh7 29. exf7 Qxf7 30. Qd3+ Kg8 31. Re7 Qxe7 32. Bxe7 Rxc7 33.
Bxh4 Re8 34. f5 Be4 35. Qb5 Rec8 36. Qe5 Bxc2 37. f6 Bg6 38. fxg7 Kh7 39. Bf6
Rc1+ 40. Kh2 R1c5 41. Qe7 R5c7 42. Qf8 Bf7 43. Be5 Re7 44. Qxe7 1-0

[Event "France Jeunes Belfort 2017"]
[Site "Belfort"]
[Date "2017.04.16"]
[Round "2.4"]
[White "Dedenon, Quentin"]
[Black "Tomasi, Albert"]
[Result "0-1"]
[WhiteElo "1857"]
[BlackElo "2176"]
[PlyCount "38"]
[EventDate "2017.??.??"]
[TimeControl "6000+1115"]
[WhiteClock "0:52:48"]
[BlackClock "1:08:59"]

1. d4 Nf6 2. c4 c5 3. d5 b5 4. cxb5 a6 5. f3 axb5 6. e4 Qa5+ 7. Bd2 b4 8. Na3
d6 9. Bb5+ Bd7 10. Bxd7+ Nbxd7 11. Nc4 Qa6 12. Qb3 e6 13. dxe6 fxe6 14. Bf4 d5
15. exd5 exd5 16. Nd2 c4 17. Qc2 Nc5 18. Ne2 Nd3+ 19. Kf1 c3 0-1

[Event "France Jeunes Belfort 2017"]
[Site "Belfort"]
[Date "2017.04.16"]
[Round "2.4"]
[White "Fretel, Liza"]
[Black "Chachiachvili, Mariam"]
[Result "0-1"]
[WhiteElo "1801"]
[BlackElo "1694"]
[PlyCount "74"]
[EventDate "2017.??.??"]
[TimeControl "6000+825"]
[WhiteClock "0:32:46"]
[BlackClock "0:23:06"]

1. e4 e5 2. Nf3 Nc6 3. Bc4 Bc5 4. c3 Nf6 5. d3 d6 6. b4 Bb6 7. a4 a5 8. b5 Ne7
9. O-O Bg4 10. Re1 O-O 11. Bg5 Ng6 12. h3 Be6 13. Bb3 h6 14. Nh4 hxg5 15. Nxg6
Re8 16. h4 fxg6 17. hxg5 Nh7 18. Bxe6+ Rxe6 19. Qb3 Nxg5 20. Na3 Qf6 21. Ra2
Rf8 22. Ree2 Bc5 23. Nc4 b6 24. Ne3 Qf4 25. Rad2 Bxe3 26. Rxe3 Kh7 27. Rde2
Ref6 28. Rg3 Qc1+ 29. Kh2 Rxf2 30. Ree3 R8f7 31. Qd5 Rxg2+ 32. Rxg2 Qxe3 33.
Rxg5 Rf2+ 34. Rg2 Qf4+ 35. Kh1 Rf1+ 36. Rg1 Qf3+ 37. Kh2 Rf2+ 0-1